Language Quiz

Random Language Quiz

Most Common I...L Words Quiz Stats

 Plays Quiz not verified by Sporcle

Challenge
Share
Tweet
Embed
Score 0/20 Timer 06:00
0 Plays Today
RANK WORD % Correct
10ILL
92.3%
8IDEAL
56.4%
6ILLEGAL
35.9%
1INTERNATIONAL
33.3%
3INTERNAL
30.8%
5INITIAL
30.8%
7INSTALL
30.8%
2INDIVIDUAL
25.6%
16INFORMAL
23.1%
17INTEL
20.5%
RANK WORD % Correct
4INDUSTRIAL
17.9%
12IDENTICAL
17.9%
20INTERVAL
17.9%
11INSTITUTIONAL
15.4%
15INSTRUCTIONAL
12.8%
19INFORMATIONAL
10.3%
9INTELLECTUAL
7.7%
14INFLUENTIAL
7.7%
13IDEOLOGICAL
5.1%
18INTERRACIAL
2.6%

You're not logged in!

Compare scores with friends on all Sporcle quizzes.
Join for Free
OR
Log In

You Might Also Like...

Show Comments

Extras

Created Jun 21, 2017ReportNominate
Tags:common, end, start

Top Quizzes Today


Score Distribution

Your Account Isn't Verified!

In order to create a playlist on Sporcle, you need to verify the email address you used during registration. Go to your Sporcle Settings to finish the process.

Report this User

Report this user for behavior that violates our Community Guidelines.

Details: